Laser spectroscopy / (Record no. 11026)
[ view plain ]
| 000 -LEADER | |
|---|---|
| fixed length control field | 00893nam a22003015a 4500 |
| 001 - CONTROL NUMBER | |
| control field | 886166 |
| 005 - DATE AND TIME OF LATEST TRANSACTION | |
| control field | 20150823155641.0 |
| 008 - FIXED-LENGTH DATA ELEMENTS--GENERAL INFORMATION | |
| fixed length control field | 800903s1978 ge a frb 101 0 eng d |
| 010 ## - LIBRARY OF CONGRESS CONTROL NUMBER | |
| LC control number | 80122145 |
| 020 ## - INTERNATIONAL STANDARD BOOK NUMBER | |
| International Standard Book Number | 978540734154 |
| 020 ## - INTERNATIONAL STANDARD BOOK NUMBER | |
| International Standard Book Number | 9783540734185 |
| 040 ## - CATALOGING SOURCE | |
| Original cataloging agency | EG-ScBuE |
| Transcribing agency | eng |
| Modifying agency | EG-ScBuE |
| 050 00 - LIBRARY OF CONGRESS CALL NUMBER | |
| Classification number | QD96.L3 |
| Item number | L36 |
| 082 00 - DEWEY DECIMAL CLASSIFICATION NUMBER | |
| Classification number | 621.366 |
| Edition number | 22 |
| Item number | DEM |
| 100 1# - MAIN ENTRY--PERSONAL NAME | |
| Personal name | Demtroder, Wolfgang |
| 9 (RLIN) | 5741 |
| 245 10 - TITLE STATEMENT | |
| Title | Laser spectroscopy / |
| Statement of responsibility, etc | Wolfgang Demtroder. |
| 250 ## - EDITION STATEMENT | |
| Edition statement | 4th ed. |
| 260 ## - PUBLICATION, DISTRIBUTION, ETC. (IMPRINT) | |
| Place of publication, distribution, etc | Berlin : |
| Name of publisher, distributor, etc | Springer, |
| Date of publication, distribution, etc | c.2008. |
| 300 ## - PHYSICAL DESCRIPTION | |
| Extent | 2 v. : |
| Other physical details | ill. ; |
| Dimensions | 28 cm. |
| 500 ## - GENERAL NOTE | |
| General note | Includes Index. |
| 504 ## - BIBLIOGRAPHY, ETC. NOTE | |
| Bibliography, etc | Includes bibliographical references. |
| 505 ## - FORMATTED CONTENTS NOTE | |
| Formatted contents note | [vol.1]. BasicPrinciples--- [vol.2]. Experimental Techniques. |
| 590 ## - LOCAL NOTE (RLIN) | |
| Local note | yassmeen ashraf |
| 650 #0 - SUBJECT ADDED ENTRY--TOPICAL TERM | |
| Topical term or geographic name as entry element | Laser spectroscopy |
| General subdivision | Congresses. |
| 9 (RLIN) | 5742 |
| Source of heading or term | BUEsh |
| 651 ## - SUBJECT ADDED ENTRY--GEOGRAPHIC NAME | |
| Source of heading or term | BUEsh |
| 653 ## - INDEX TERM--UNCONTROLLED | |
| Resource For college | Engineering, General |
| Arrived date list | August2015 |
| 942 ## - ADDED ENTRY ELEMENTS (KOHA) | |
| Source of classification or shelving scheme | Dewey Decimal Classification |
| Item type | Book - Borrowing |
| Withdrawn status | Item status | Source of classification or shelving scheme | Damaged status | Not for loan | Vendor | Home library | Current library | Shelving location | Date acquired | Source of acquisition | Cost, normal purchase price | Serial Enumeration / chronology | Total Checkouts | Total Renewals | Full call number | Barcode | Date last seen | Date last borrowed | Koha item type | Public note |
|---|---|---|---|---|---|---|---|---|---|---|---|---|---|---|---|---|---|---|---|---|
| Dewey Decimal Classification | Alahram | Central Library | Central Library | First floor | 08/03/2009 | 520.00 | 380 | 1 | 1 | 621.366 DEM | 000015319 | 15/07/2025 | 08/02/2010 | Book - Borrowing | vol.2 | |||||
| Dewey Decimal Classification | Alahram | Central Library | Central Library | First floor | 03/06/2009 | 520.00 | 380 | 1 | 1 | 621.366 DEM | 000016572 | 15/07/2025 | 08/02/2010 | Book - Borrowing | vol.1 |